| 000 | 00424nam a2200157Ia 4500 | ||
|---|---|---|---|
| 008 | 220216s9999 xx 000 0 und d | ||
| 100 | _aKansal S K | ||
| 245 | 0 | _aCarbon trading and clean development mechanism in India- An introduction | |
| 260 |
_bPollution Research _c2012 |
||
| 300 | _a383-386 | ||
| 500 | _aSource Year: 2012 | ||
| 650 | _aCarbon trading | ||
| 650 | _aCDM | ||
| 650 | _aGlobal warming | ||
| 942 | _cJS | ||
| 999 |
_c55191 _d55191 |
||